Statistics for Polandball or Countryball Rules

Click here to take the quiz!

General Stats

  • This quiz has been taken 356 times
  • The average score is 8 of 16

Answer Stats

SentenceFill-in% Correct
Never let ____ go into spacePoland
83%
Always draw a countryball like a ____ with only a few exceptions like IsraelcubeBall
75%
Never ____ and paste images from the internetCopy
75%
Never add ____ in the eyesPupils
74%
Never use ____ toolCircle
69%
Never include ____ features, including noses, mouths, ears, hair, etc.Facial
67%
Never add black ____ in between colors on a flagLines
57%
Never use any internet ____ like rage comics or dogeMemes
57%
Never use bad ____ like Comic Sans, or PapyrusFonts
52%
Never draw ____ incorrectly unless it's Polandball which is flippedFlags
51%
Never add ____ to the sides of the countryballLimbs
50%
Never make any non _____ like cityballs or gameballsCountryballs
45%
Never have any countries ____ to others as "countryballs"Refer
39%
Never draw ____ panel comics with no plot or storylineOne
19%
Never use any advanced ____ manipulation toolsImage
13%
Never use advanced tools to create ____Gradiants
2%

Score Distribution

Percentile by Number Answered

Percent of People with Each Score

Your Score History

You have not taken this quiz